[Event "31. Torneo San Viator 2019 - Grupo B"]
[Site "Madrid ESP"]
[Date "2019.09.08"]
[Round "1.23"]
[White "Garcia Rojas, Juan Carlos"]
[Black "Lavado Peña, Hector"]
[Result "1-0"]
[WhiteElo "1508"]
[BlackElo "1058"]
[PlyCount "107"]
[EventDate "2019.09.08"]
[EventType "swiss"]
[EventRounds "9"]
[EventCountry "ESP"]
[SourceTitle "Ajedrez en Madrid"]
[Source "lmi"]
[SourceDate "2019.09.08"]
[SourceVersion "1"]
[SourceVersionDate "2019.10.29"]
[SourceQuality "1"]

1. e4 e5 2. Nf3 Nc6 3. Bb5 d6 4. c3 a6 5. Ba4 Nf6 6. d3 h6 7. O-O Bg4 8. Nbd2
Be7 9. Re1 O-O 10. Nf1 b5 11. Bb3 a5 12. h3 Bh5 13. Ng3 a4 14. Bc2 b4 15. Nxh5
Nxh5 16. Bxa4 Ra6 17. cxb4 Nxb4 18. Bb3 c6 19. a3 d5 20. Nxe5 dxe4 21. Nxf7
Rxf7 22. Qxh5 Qe8 23. Bxf7+ Qxf7 24. Qxf7+ Kxf7 25. dxe4 Nc2 26. Bd2 Nxa1 27.
Rxa1 Bf6 28. Bc3 Be7 29. b4 c5 30. b5 Rb6 31. a4 Ke8 32. Bxg7 h5 33. f4 Kf7 34.
Be5 c4 35. Rc1 Bc5+ 36. Kf1 Bb4 37. Rxc4 Ba5 38. Bc7 Rf6 39. Bxa5 Rxf4+ 40. Ke2
Rf6 41. Bc7 Rg6 42. Kf3 Rf6+ 43. Kg3 Rg6+ 44. Kh2 Ke7 45. a5 Kd7 46. b6 Kc8 47.
a6 Rxb6 48. Bxb6+ Kb8 49. Rc7 h4 50. a7+ Ka8 51. Rc8+ Kb7 52. a8=Q+ Kxb6 53.
Qc6+ Ka5 54. Qb7 1-0

[Event "31. Torneo San Viator 2019 - Grupo B"]
[Site "Madrid ESP"]
[Date "2019.09.08"]
[Round "1.24"]
[White "Acebes Moran, Roberto"]
[Black "Argelina Diaz, Juan A."]
[Result "0-1"]
[WhiteElo "1034"]
[BlackElo "1507"]
[PlyCount "100"]
[EventDate "2019.09.08"]
[EventType "swiss"]
[EventRounds "9"]
[EventCountry "ESP"]
[SourceTitle "Ajedrez en Madrid"]
[Source "lmi"]
[SourceDate "2019.09.08"]
[SourceVersion "1"]
[SourceVersionDate "2019.10.29"]
[SourceQuality "1"]

1. e4 e5 2. Bc4 Bc5 3. Nf3 Qf6 4. Nc3 Ne7 5. d3 d6 6. Bg5 Qg6 7. g3 Nbc6 8.
Bxe7 Nxe7 9. Na4 Bb6 10. Nxb6 axb6 11. Nh4 Qf6 12. Qd2 g5 13. Ng2 Bh3 14. Ne3
Qf3 15. Rg1 f5 16. exf5 Bxf5 17. Nxf5 Qxf5 18. O-O-O Nc6 19. Bb5 Rxa2 20. Kb1
Ra5 21. c4 Ke7 22. Bxc6 bxc6 23. b3 Rha8 24. Qc3 Qxf2 25. Rgf1 Qxh2 26. Rh1
Ra1+ 27. Qxa1 Rxa1+ 28. Kxa1 Qxg3 29. Rxh7+ Kd8 30. Rf1 Kc8 31. Rff7 Qe1+ 32.
Ka2 Qa5+ 33. Kb2 b5 34. cxb5 cxb5 35. Rxc7+ Qxc7 36. Rxc7+ Kxc7 37. Kc2 Kc6 38.
Kd2 Kc5 39. Kc3 g4 40. Kd2 Kd4 41. Ke2 b4 42. Kd2 g3 43. Ke2 e4 44. dxe4 Kxe4
45. Kf1 Kf3 46. Kg1 d5 47. Kf1 d4 48. Kg1 d3 49. Kf1 d2 50. Kg1 d1=Q# 0-1

[Event "31. Torneo San Viator 2019 - Grupo B"]
[Site "Madrid ESP"]
[Date "2019.09.08"]
[Round "1.25"]
[White "Rendo Quindos, Pedro"]
[Black "Garcia Serrano, Alfredo"]
[Result "1-0"]
[WhiteElo "1501"]
[BlackElo "1034"]
[PlyCount "111"]
[EventDate "2019.09.08"]
[EventType "swiss"]
[EventRounds "9"]
[EventCountry "ESP"]
[SourceTitle "Ajedrez en Madrid"]
[Source "lmi"]
[SourceDate "2019.09.08"]
[SourceVersion "1"]
[SourceVersionDate "2019.10.29"]
[SourceQuality "1"]

1. d4 e6 2. Nf3 g6 3. Bf4 Bg7 4. e3 b6 5. Bd3 Bb7 6. c4 Nf6 7. h3 Nc6 8. Nc3
Nb4 9. Be2 d6 10. Qa4+ Nc6 11. d5 exd5 12. cxd5 Qd7 13. dxc6 Qxc6 14. Qxc6+
Bxc6 15. Bb5 Bxb5 16. Nxb5 O-O 17. Nxc7 Rac8 18. Bxd6 Rfd8 19. Bg3 Ne4 20. Bh2
Nd6 21. Bxd6 Rxd6 22. Nb5 Rdc6 23. O-O Rc2 24. Nbd4 Bxd4 25. Nxd4 Rxb2 26. Rfb1
Rxb1+ 27. Rxb1 Rb8 28. a4 Rc8 29. Kf1 Rc4 30. Ra1 Rb4 31. Nc6 Rc4 32. Nxa7 h5
33. Nb5 Kg7 34. Nd4 f6 35. Ke2 g5 36. g3 Rb4 37. Ra2 Kg6 38. a5 bxa5 39. Rxa5
Rb2+ 40. Kf3 Rb1 41. Ra6 Rh1 42. Kg2 Rb1 43. g4 hxg4 44. hxg4 Rb7 45. Nf5 Rh7
46. f4 gxf4 47. exf4 Rc7 48. Kf3 Rc3+ 49. Ne3 Rc1 50. g5 Rh1 51. Rxf6+ Kg7 52.
Nf5+ Kg8 53. Kg4 Rh7 54. Nh6+ Kg7 55. Rf7+ Kg6 56. f5# 1-0

[Event "31. Torneo San Viator 2019 - Grupo B"]
[Site "Madrid ESP"]
[Date "2019.09.08"]
[Round "1.26"]
[White "Lopez Ortega, Ivan"]
[Black "Viñas Blasco, Jorge"]
[Result "0-1"]
[WhiteElo "1002"]
[BlackElo "1497"]
[PlyCount "48"]
[EventDate "2019.09.08"]
[EventType "swiss"]
[EventRounds "9"]
[EventCountry "ESP"]
[SourceTitle "Ajedrez en Madrid"]
[Source "lmi"]
[SourceDate "2019.09.08"]
[SourceVersion "1"]
[SourceVersionDate "2019.10.29"]
[SourceQuality "1"]

1. e4 e6 2. Nf3 c5 3. Nc3 Nc6 4. Bc4 a6 5. O-O b5 6. Be2 Qc7 7. d3 Nf6 8. Be3
Be7 9. d4 cxd4 10. Nxd4 b4 11. Na4 Nxe4 12. Nf3 O-O 13. Bb6 Qb8 14. Bd3 f5 15.
Bc4 Bd8 16. Bxd8 Rxd8 17. Re1 Qc7 18. Ng5 Nxg5 19. Qc1 Ne4 20. f3 Qa7+ 21. Kh1
Nf2+ 22. Kg1 Nh3+ 23. Kh1 Qg1+ 24. Rxg1 Nf2# 0-1

[Event "31. Torneo San Viator 2019 - Grupo B"]
[Site "Madrid ESP"]
[Date "2019.09.15"]
[Round "2.1"]
[White "Campos Calderon, David"]
[Black "Jimenez Gonzalez, Marcos"]
[Result "0-1"]
[WhiteElo "1549"]
[BlackElo "1732"]
[PlyCount "68"]
[EventDate "2019.09.08"]
[EventType "swiss"]
[EventRounds "9"]
[EventCountry "ESP"]
[SourceTitle "Ajedrez en Madrid"]
[Source "lmi"]
[SourceDate "2019.09.08"]
[SourceVersion "1"]
[SourceVersionDate "2019.10.29"]
[SourceQuality "1"]

1. d4 Nf6 2. c4 e6 3. Nc3 Bb4 4. Qc2 c5 5. a3 Bxc3+ 6. Qxc3 cxd4 7. Qxd4 Nc6 8.
Qd1 Qc7 9. Nf3 O-O 10. Bg5 Ne4 11. Bh4 f5 12. e3 d6 13. Bd3 Nf6 14. O-O Bd7 15.
Qe2 e5 16. e4 Rae8 17. Rad1 Nd4 18. Nxd4 exd4 19. f3 Bc6 20. Bxf6 Rxf6 21. Bb1
Qb6 22. Kh1 fxe4 23. fxe4 Ref8 24. Rxf6 Rxf6 25. Qd2 d3 26. Bxd3 Rf2 27. Qb4
Qd4 28. c5 Qxd3 29. Qe1 Qe2 30. cxd6 Qxe1+ 31. Rxe1 Rd2 32. e5 Rxg2 33. d7 Re2+
34. Kg1 Rxe1+ 0-1

[Event "31. Torneo San Viator 2019 - Grupo B"]
[Site "Madrid ESP"]
[Date "2019.09.15"]
[Round "2.2"]
[White "Caamaño Jimenez, Luis"]
[Black "Lopez Guitian, Juan J."]
[Result "1-0"]
[WhiteElo "1699"]
[BlackElo "1541"]
[PlyCount "79"]
[EventDate "2019.09.08"]
[EventType "swiss"]
[EventRounds "9"]
[EventCountry "ESP"]
[SourceTitle "Ajedrez en Madrid"]
[Source "lmi"]
[SourceDate "2019.09.08"]
[SourceVersion "1"]
[SourceVersionDate "2019.10.29"]
[SourceQuality "1"]

1. d4 Nf6 2. Bg5 e6 3. e4 Be7 4. Bxf6 gxf6 5. Qg4 Bf8 6. Bd3 Nc6 7. c3 e5 8. d5
Ne7 9. g3 h5 10. Qf3 Ng6 11. h4 a6 12. Qd1 d6 13. Be2 Bd7 14. Nd2 c6 15. Bxh5
cxd5 16. exd5 Qb6 17. Nc4 Qc5 18. Be2 Rc8 19. Nf3 Bg4 20. Ne3 Bd7 21. Qd3 Ne7
22. Nd2 Bh6 23. Ne4 Qb6 24. Nxf6+ Kd8 25. Nxd7 Kxd7 26. Bg4+ f5 27. Bxf5+ Nxf5
28. Qxf5+ Kc7 29. O-O Rcf8 30. Qd3 Rf3 31. Qc4+ Kb8 32. Qb4 Bxe3 33. fxe3 Qxe3+
34. Kh1 Rxh4+ 35. Qxh4 Rxg3 36. Kh2 Rg6 37. Rae1 Qd2+ 38. Rf2 Qxd5 39. Rf8+ Ka7
40. Qf2+ 1-0

[Event "31. Torneo San Viator 2019 - Grupo B"]
[Site "Madrid ESP"]
[Date "2019.09.15"]
[Round "2.3"]
[White "Benitez Cadenas, Luis Miguel"]
[Black "Navarro Gonzalez, Jaime"]
[Result "1/2-1/2"]
[WhiteElo "1535"]
[BlackElo "1695"]
[PlyCount "90"]
[EventDate "2019.09.08"]
[EventType "swiss"]
[EventRounds "9"]
[EventCountry "ESP"]
[SourceTitle "Ajedrez en Madrid"]
[Source "lmi"]
[SourceDate "2019.09.08"]
[SourceVersion "1"]
[SourceVersionDate "2019.10.29"]
[SourceQuality "1"]

1. d4 Nf6 2. Bf4 d5 3. Nf3 Bf5 4. e3 e6 5. c4 Bxb1 6. Rxb1 Bb4+ 7. Ke2 O-O 8.
c5 c6 9. Qb3 Na6 10. a3 Ba5 11. Qxb7 Qc8 12. Qxc8 Rfxc8 13. Nd2 Bc7 14. Ke1 Nb8
15. Bxc7 Rxc7 16. Bd3 Nbd7 17. Ke2 e5 18. Rhe1 exd4 19. exd4 Nf8 20. Bf5 g6 21.
Bh3 Nh5 22. g3 Ng7 23. Kd3 Nfe6 24. Bxe6 Nxe6 25. h4 a5 26. b4 axb4 27. axb4
Ra2 28. Re2 Rca7 29. Rb3 R7a4 30. Nf3 R4a3 31. Rxa2 Rxb3+ 32. Ke2 Rxb4 33. Ra6
Nxd4+ 34. Nxd4 Rxd4 35. Rxc6 Rc4 36. Rc8+ Kg7 37. c6 Kf6 38. c7 h5 39. f3 Ke7
40. Kd3 Kd7 41. Rf8 Kxc7 42. Rxf7+ Kb6 43. Rf6+ Rc6 44. Rxc6+ Kxc6 45. Kd4 Kd6
1/2-1/2

[Event "31. Torneo San Viator 2019 - Grupo B"]
[Site "Madrid ESP"]
[Date "2019.09.15"]
[Round "2.4"]
[White "Arias Cusio, Oscar"]
[Black "Garcia Rojas, Juan Carlos"]
[Result "1-0"]
[WhiteElo "1690"]
[BlackElo "1508"]
[PlyCount "103"]
[EventDate "2019.09.08"]
[EventType "swiss"]
[EventRounds "9"]
[EventCountry "ESP"]
[SourceTitle "Ajedrez en Madrid"]
[Source "lmi"]
[SourceDate "2019.09.08"]
[SourceVersion "1"]
[SourceVersionDate "2019.10.29"]
[SourceQuality "1"]

1. e4 c5 2. d3 Nc6 3. Nf3 e6 4. g3 g6 5. Bg2 Bg7 6. O-O Nge7 7. Nbd2 O-O 8. Re1
d6 9. h4 d5 10. e5 Nf5 11. c3 Bd7 12. Nf1 Bh6 13. Ng5 f6 14. exf6 Qxf6 15. Nh2
Bg7 16. Ng4 Qe7 17. Bxd5 Rfe8 18. Nxe6 Kh8 19. Bg5 Qd6 20. Nxg7 Rxe1+ 21. Qxe1
Qxd5 22. Nxf5 Bxf5 23. Bf6+ Kg8 24. Nh6+ Kf8 25. Nxf5 Qxf5 26. Bg5 Re8 27. Qd1
Ne5 28. Bf4 Nxd3 29. Bh6+ Kg8 30. Qb3+ Kh8 31. Qxb7 Qxf2+ 32. Kh1 Re1+ 33. Rxe1
Qxe1+ 34. Kh2 Qe2+ 35. Qg2 Qxg2+ 36. Kxg2 Nxb2 37. Kf3 c4 38. Ke4 Kg8 39. Kd5
Kf7 40. Bc1 Nd3 41. Be3 a6 42. Kxc4 Ne5+ 43. Kd5 Nd3 44. Kc6 Ne5+ 45. Kc5 Ke6
46. Bd4 Nd7+ 47. Kc6 h6 48. a4 h5 49. a5 Nb8+ 50. Kb7 Nd7 51. Kxa6 Kd6 52. Kb7
1-0

[Event "31. Torneo San Viator 2019 - Grupo B"]
[Site "Madrid ESP"]
[Date "2019.09.15"]
[Round "2.5"]
[White "Hernandez Tadeo, Gabriel"]
[Black "San Felipe Gonzalez, Tomas"]
[Result "0-1"]
[WhiteElo "1511"]
[BlackElo "1673"]
[PlyCount "58"]
[EventDate "2019.09.08"]
[EventType "swiss"]
[EventRounds "9"]
[EventCountry "ESP"]
[SourceTitle "Ajedrez en Madrid"]
[Source "lmi"]
[SourceDate "2019.09.08"]
[SourceVersion "1"]
[SourceVersionDate "2019.10.29"]
[SourceQuality "1"]

1. e4 c5 2. Nf3 g6 3. d4 cxd4 4. Nxd4 Bg7 5. Nc3 Nc6 6. Be3 Nf6 7. f3 a6 8. Qd2
Nxd4 9. Bxd4 d6 10. O-O-O Qa5 11. Kb1 Be6 12. h4 Rc8 13. g4 b5 14. b3 h6 15.
Be2 Qc7 16. Rc1 Kf8 17. Nd5 Bxd5 18. exd5 Qb7 19. g5 Nxd5 20. Bxg7+ Kxg7 21.
gxh6+ Rxh6 22. Qd4+ Nf6 23. f4 Qe4 24. Qf2 Nd5 25. Bd3 Qxf4 26. Qe1 Qf6 27. c4
bxc4 28. Bxc4 Nc7 29. Bxa6 Qf5+ 0-1

[Event "31. Torneo San Viator 2019 - Grupo B"]
[Site "Madrid ESP"]
[Date "2019.09.15"]
[Round "2.6"]
[White "Gil Calvente, Jose Antonio"]
[Black "Rendo Quindos, Pedro"]
[Result "1-0"]
[WhiteElo "1666"]
[BlackElo "1501"]
[PlyCount "53"]
[EventDate "2019.09.08"]
[EventType "swiss"]
[EventRounds "9"]
[EventCountry "ESP"]
[SourceTitle "Ajedrez en Madrid"]
[Source "lmi"]
[SourceDate "2019.09.08"]
[SourceVersion "1"]
[SourceVersionDate "2019.10.29"]
[SourceQuality "1"]

1. e4 e5 2. Nf3 Nf6 3. Nc3 d6 4. d4 exd4 5. Nxd4 Be7 6. Be2 h6 7. O-O Nc6 8. f4
Nxd4 9. Qxd4 Bg4 10. Bd3 Bd7 11. e5 Nh7 12. Nd5 O-O 13. Qe4 g6 14. f5 dxe5 15.
fxg6 Bc5+ 16. Kh1 f5 17. Qxe5 Ng5 18. Nxc7 Rc8 19. Bc4+ Be6 20. Nxe6 Qf6 21.
Nxf8+ Kg7 22. Qxf6+ Kxf6 23. Nd7+ Kxg6 24. Nxc5 Rxc5 25. Bd3 Ne4 26. Bxe4 fxe4
27. c3 1-0

[Event "31. Torneo San Viator 2019 - Grupo B"]
[Site "Madrid ESP"]
[Date "2019.09.15"]
[Round "2.7"]
[White "Argelina Diaz, Juan A."]
[Black "Arribas Lopez, Sara"]
[Result "0-1"]
[WhiteElo "1507"]
[BlackElo "1661"]
[PlyCount "54"]
[EventDate "2019.09.08"]
[EventType "swiss"]
[EventRounds "9"]
[EventCountry "ESP"]
[SourceTitle "Ajedrez en Madrid"]
[Source "lmi"]
[SourceDate "2019.09.08"]
[SourceVersion "1"]
[SourceVersionDate "2019.10.29"]
[SourceQuality "1"]

1. e4 b6 2. Bc4 Bb7 3. d3 e6 4. Qf3 a5 5. a3 Nc6 6. Qe3 Bc5 7. Qg3 g6 8. Ne2
Nd4 9. Nxd4 Bxd4 10. c3 Bg7 11. Be3 Ne7 12. Nd2 Rc8 13. d4 d5 14. exd5 Nxd5 15.
O-O O-O 16. Rae1 Nxe3 17. fxe3 c5 18. Nf3 Bxf3 19. Qxf3 cxd4 20. Ba6 Ra8 21.
Bb7 Rb8 22. exd4 Qc7 23. Ba6 b5 24. a4 bxa4 25. Qd3 Rxb2 26. c4 Qc6 27. Bb5
Qxg2# 0-1

[Event "31. Torneo San Viator 2019 - Grupo B"]
[Site "Madrid ESP"]
[Date "2019.09.15"]
[Round "2.8"]
[White "Marcelo De La Mata, Daniel"]
[Black "Perez Segoviano, Agustin"]
[Result "0-1"]
[WhiteElo "1658"]
[BlackElo "1481"]
[PlyCount "78"]
[EventDate "2019.09.08"]
[EventType "swiss"]
[EventRounds "9"]
[EventCountry "ESP"]
[SourceTitle "Ajedrez en Madrid"]
[Source "lmi"]
[SourceDate "2019.09.08"]
[SourceVersion "1"]
[SourceVersionDate "2019.10.29"]
[SourceQuality "1"]

1. e4 c5 2. Nc3 Nc6 3. Bc4 e6 4. f4 a6 5. a4 d6 6. Nf3 Bd7 7. O-O Qc7 8. d3
O-O-O 9. Be3 h6 10. Qe2 Nge7 11. Bf2 g6 12. d4 Nb8 13. dxc5 dxc5 14. e5 Nec6
15. Ne4 Na5 16. Rfd1 Nxc4 17. Qxc4 b6 18. Nd6+ Bxd6 19. exd6 Qb7 20. Ne5 Bc6
21. Qf1 Bd5 22. c4 Bc6 23. Nxc6 Nxc6 24. Qd3 Rd7 25. Bh4 Rg8 26. Bf6 g5 27. f5
e5 28. Qd5 Re8 29. Ra3 e4 30. Re3 Nb4 31. Qxb7+ Kxb7 32. Kf2 Kc6 33. Be7 Nd3+
34. Rdxd3 exd3 35. Rxd3 g4 36. Kg3 Rexe7 37. dxe7 Rxd3+ 38. Kxg4 Kd7 39. f6 Rd2
0-1

[Event "31. Torneo San Viator 2019 - Grupo B"]
[Site "Madrid ESP"]
[Date "2019.09.15"]
[Round "2.9"]
[White "Viñas Blasco, Jorge"]
[Black "Duran Andres, Rodrigo"]
[Result "0-1"]
[WhiteElo "1497"]
[BlackElo "1460"]
[PlyCount "56"]
[EventDate "2019.09.08"]
[EventType "swiss"]
[EventRounds "9"]
[EventCountry "ESP"]
[SourceTitle "Ajedrez en Madrid"]
[Source "lmi"]
[SourceDate "2019.09.08"]
[SourceVersion "1"]
[SourceVersionDate "2019.10.29"]
[SourceQuality "1"]

1. e4 e5 2. Nf3 Nc6 3. Bc4 Bc5 4. c3 Nf6 5. d3 d6 6. O-O O-O 7. b4 Bb6 8. Re1
Be6 9. Bxe6 fxe6 10. a4 a6 11. d4 exd4 12. cxd4 e5 13. Bb2 exd4 14. Nxd4 Qd7
15. Re2 Kh8 16. Nxc6 Qxc6 17. Nd2 Rae8 18. Rc1 Qd7 19. Qc2 Qg4 20. Rce1 Nh5 21.
h3 Qg6 22. Re3 Bxe3 23. Rxe3 Nf4 24. g4 Rf7 25. Kh2 Ref8 26. h4 Qxg4 27. Rg3
Qxh4+ 28. Kg1 Nh3+ 0-1

[Event "31. Torneo San Viator 2019 - Grupo B"]
[Site "Madrid ESP"]
[Date "2019.09.15"]
[Round "2.11"]
[White "Gregorio Guerrero, Ivan"]
[Black "Alcojor Patilla, Antonio"]
[Result "1/2-1/2"]
[WhiteElo "1479"]
[BlackElo "1602"]
[PlyCount "113"]
[EventDate "2019.09.08"]
[EventType "swiss"]
[EventRounds "9"]
[EventCountry "ESP"]
[SourceTitle "Ajedrez en Madrid"]
[Source "lmi"]
[SourceDate "2019.09.08"]
[SourceVersion "1"]
[SourceVersionDate "2019.10.29"]
[SourceQuality "1"]

1. c4 e6 2. g3 Nf6 3. Bg2 g6 4. Nf3 Bg7 5. O-O c5 6. Nc3 O-O 7. Rb1 Nc6 8. d3
d6 9. a3 d5 10. d4 cxd4 11. Nxd4 Nxd4 12. Qxd4 Ne4 13. Qd3 Nc5 14. Qc2 dxc4 15.
Nb5 Bd7 16. Qxc4 Qb6 17. Be3 Bxb5 18. Qxc5 Qxc5 19. Bxc5 Rfd8 20. Bxb7 Rab8 21.
Bf3 Rd2 22. Bxa7 Rbd8 23. Rfe1 Rxb2 24. Rxb2 Bxb2 25. Rb1 Rd2 26. Be3 Rc2 27.
Kf1 f5 28. Bd4 Bxe2+ 29. Bxe2 Bxd4 30. Rb8+ Kf7 31. Rb7+ Kf6 32. Rxh7 Ra2 33.
h4 Rxa3 34. h5 g5 35. Rd7 Be5 36. h6 Kg6 37. h7 Ra8 38. Bc4 Re8 39. Ke2 Bg7 40.
Rd6 Kxh7 41. Bxe6 Bf8 42. Rc6 f4 43. gxf4 gxf4 44. Kf3 Rb8 45. Bf5+ Kg7 46.
Kxf4 Rb4+ 47. Be4 Kf7 48. f3 Ke7 49. Kf5 Rb5+ 50. Kg6 Re5 51. Rf6 Re6 52. Rxe6+
Kxe6 53. f4 Be7 54. f5+ Ke5 55. Bc2 Bf6 56. Kf7 Bh8 57. Kg8 1/2-1/2

[Event "31. Torneo San Viator 2019 - Grupo B"]
[Site "Madrid ESP"]
[Date "2019.09.15"]
[Round "2.12"]
[White "Navas Marin, Felix"]
[Black "Del Noval Nemeshazi, Mario"]
[Result "0-1"]
[WhiteElo "1466"]
[BlackElo "1577"]
[PlyCount "104"]
[EventDate "2019.09.08"]
[EventType "swiss"]
[EventRounds "9"]
[EventCountry "ESP"]
[SourceTitle "Ajedrez en Madrid"]
[Source "lmi"]
[SourceDate "2019.09.08"]
[SourceVersion "1"]
[SourceVersionDate "2019.10.29"]
[SourceQuality "1"]

1. d4 d5 2. Bf4 Nf6 3. e3 c5 4. c3 Qb6 5. Qb3 Nc6 6. Nf3 c4 7. Qc2 Bf5 8. Qc1
e6 9. Nh4 h6 10. Nxf5 exf5 11. h3 Qd8 12. Qc2 Ne4 13. b3 b5 14. bxc4 bxc4 15.
Nd2 Qa5 16. Nxe4 fxe4 17. Be2 Bb4 18. Rc1 Ba3 19. Rb1 O-O 20. O-O Rfd8 21. Rb7
Bd6 22. Bxd6 Rxd6 23. Rfb1 Rdd8 24. R7b5 Qa3 25. Rc5 Ne7 26. Rc7 Rab8 27. Rbb7
Rxb7 28. Rxb7 Nc6 29. Rc7 Ne7 30. Rb7 Ng6 31. Qb2 Qxb2 32. Rxb2 Rd6 33. Rb7 Ra6
34. Rb2 Ra3 35. g3 Rxc3 36. Bh5 Rc1+ 37. Kg2 c3 38. Rb8+ Kh7 39. Bxg6+ Kxg6 40.
Rc8 c2 41. a3 h5 42. h4 Kf5 43. Rc5 Kg4 44. Rc3 f6 45. a4 g5 46. hxg5 fxg5 47.
Rc7 h4 48. gxh4 gxh4 49. Rg7+ Kf5 50. Rc7 h3+ 51. Kh2 Kg4 52. Rg7+ Kf3 0-1

[Event "31. Torneo San Viator 2019 - Grupo B"]
[Site "Madrid ESP"]
[Date "2019.09.15"]
[Round "2.13"]
[White "Rey Martinez, Jaime"]
[Black "Gonzalez Reyes, Felix"]
[Result "1-0"]
[WhiteElo "1564"]
[BlackElo "1462"]
[PlyCount "77"]
[EventDate "2019.09.08"]
[EventType "swiss"]
[EventRounds "9"]
[EventCountry "ESP"]
[SourceTitle "Ajedrez en Madrid"]
[Source "lmi"]
[SourceDate "2019.09.08"]
[SourceVersion "1"]
[SourceVersionDate "2019.10.29"]
[SourceQuality "1"]

1. e4 d5 2. exd5 Qxd5 3. Nc3 Qd8 4. Bc4 Nf6 5. Nf3 Bg4 6. Bxf7+ Kxf7 7. Ne5+
Ke8 8. Nxg4 h5 9. Nxf6+ gxf6 10. O-O c6 11. Re1 Nd7 12. Ne4 Qc7 13. Qf3 Bg7 14.
d3 Kd8 15. Qe2 e5 16. Bd2 a5 17. h3 b6 18. Ng3 Kc8 19. Nxh5 Bf8 20. Ng3 Kb7 21.
Qf3 Bc5 22. Be3 Bd6 23. Bd2 Bc5 24. Re4 Raf8 25. Nf5 Rf7 26. b4 axb4 27. Bxb4
Bxb4 28. Rxb4 Rfh7 29. Rab1 Kb8 30. c4 Rg8 31. c5 b5 32. a4 Nxc5 33. axb5 Nb7
34. bxc6 e4 35. Qxe4 Rxh3 36. Rxb7+ Kc8 37. Rxc7+ Kxc7 38. Rb7+ Kd8 39. Qe7+
1-0

[Event "31. Torneo San Viator 2019 - Grupo B"]
[Site "Madrid ESP"]
[Date "2019.09.15"]
[Round "2.14"]
[White "Cortijo Manso, Luis"]
[Black "Martinez Martinez, Javier II"]
[Result "0-1"]
[WhiteElo "1454"]
[BlackElo "1558"]
[PlyCount "69"]
[EventDate "2019.09.08"]
[EventType "swiss"]
[EventRounds "9"]
[EventCountry "ESP"]
[SourceTitle "Ajedrez en Madrid"]
[Source "lmi"]
[SourceDate "2019.09.08"]
[SourceVersion "1"]
[SourceVersionDate "2019.10.29"]
[SourceQuality "1"]

1. Nf3 Nf6 2. c4 g6 3. d4 Bg7 4. g3 O-O 5. Bg2 c5 6. d5 d6 7. Nc3 Bf5 8. O-O
Na6 9. a3 Nc7 10. Nh4 Bd7 11. e4 e5 12. dxe6 Bxe6 13. Nd5 Nfxd5 14. exd5 Bd7
15. Qc2 b5 16. Bf4 Qf6 17. Nf3 bxc4 18. Bg5 Qxb2 19. Qxb2 Bxb2 20. Rab1 c3 21.
Ne1 Bb5 22. Be7 Bxf1 23. Bxf1 Rfe8 24. Bxd6 Nxd5 25. Nd3 Bxa3 26. Bg2 Rad8 27.
Bxc5 Bxc5 28. Nxc5 c2 29. Rc1 Nb4 30. Bf3 Rc8 31. Ne4 Rc6 32. Ng5 Re5 33. Ne4
Kg7 34. Nd6 Rc3 35. Kg2 0-1

[Event "31. Torneo San Viator 2019 - Grupo B"]
[Site "Madrid ESP"]
[Date "2019.09.15"]
[Round "2.15"]
[White "Merino Araguas, Jose Javier"]
[Black "Giron Herranz, Juan"]
[Result "0-1"]
[WhiteElo "1701"]
[BlackElo "1439"]
[PlyCount "84"]
[EventDate "2019.09.08"]
[EventType "swiss"]
[EventRounds "9"]
[EventCountry "ESP"]
[SourceTitle "Ajedrez en Madrid"]
[Source "lmi"]
[SourceDate "2019.09.08"]
[SourceVersion "1"]
[SourceVersionDate "2019.10.29"]
[SourceQuality "1"]

1. d4 d5 2. Bf4 Nf6 3. e3 Bf5 4. c4 e6 5. Nc3 Nc6 6. Nf3 Bd6 7. Bg3 O-O 8. Be2
Bxg3 9. hxg3 Nb4 10. O-O dxc4 11. Bxc4 Nbd5 12. Nh4 Be4 13. Nxe4 Nxe4 14. Bd3
f5 15. Nf3 Rf6 16. Bxe4 fxe4 17. Nd2 Rh6 18. Nxe4 Qf8 19. Qf3 Qb4 20. Ng5 Rf8
21. Qe2 Rf5 22. f4 Nf6 23. g4 Rb5 24. b3 Nd5 25. Rac1 c6 26. Ne4 Qe7 27. g5 Rg6
28. Qd3 h6 29. Rf3 Nb4 30. Qe2 hxg5 31. fxg5 e5 32. a4 Rb6 33. Qc4+ Nd5 34. Qd3
Qa3 35. Rcf1 Rxb3 36. Nf6+ Rxf6 37. Qc4 Rxf3 38. Rxf3 Rxe3 39. Rf5 Qa1+ 40. Kh2
Qxd4 41. Qf1 Qh4+ 42. Kg1 Re1 0-1

[Event "31. Torneo San Viator 2019 - Grupo B"]
[Site "Madrid ESP"]
[Date "2019.09.15"]
[Round "2.16"]
[White "Mantecon Soto, Fernando"]
[Black "Sanchez Gomez, Emiliano"]
[Result "0-1"]
[WhiteElo "1330"]
[BlackElo "1700"]
[PlyCount "68"]
[EventDate "2019.09.08"]
[EventType "swiss"]
[EventRounds "9"]
[EventCountry "ESP"]
[SourceTitle "Ajedrez en Madrid"]
[Source "lmi"]
[SourceDate "2019.09.08"]
[SourceVersion "1"]
[SourceVersionDate "2019.10.29"]
[SourceQuality "1"]

1. d4 Nf6 2. c4 g6 3. Nc3 d5 4. Bf4 Bg7 5. e3 c5 6. dxc5 Qa5 7. Qa4+ Qxa4 8.
Nxa4 Bd7 9. Nc3 Bc6 10. Nb5 Na6 11. Nc7+ Nxc7 12. Bxc7 dxc4 13. Nf3 Nd5 14. Be5
f6 15. Bc3 Nxc3 16. bxc3 Bd5 17. Nd2 Rc8 18. Bxc4 Bxc4 19. Nxc4 Rxc5 20. Nd2
Rxc3 21. O-O Kf7 22. Nb3 Rhc8 23. Rfc1 Rxc1+ 24. Rxc1 Rxc1+ 25. Nxc1 Ke6 26.
Nd3 Kd6 27. e4 b5 28. f3 a5 29. a3 f5 30. Kf1 Bc3 31. Ke2 b4 32. axb4 axb4 33.
Nxb4 Bxb4 34. Kd3 Ke5 0-1

[Event "31. Torneo San Viator 2019 - Grupo B"]
[Site "Madrid ESP"]
[Date "2019.09.15"]
[Round "2.17"]
[White "Insua Rodriguez, Antonio"]
[Black "Arce Escobedo, Julio"]
[Result "0-1"]
[WhiteElo "1320"]
[BlackElo "1664"]
[PlyCount "92"]
[EventDate "2019.09.08"]
[EventType "swiss"]
[EventRounds "9"]
[EventCountry "ESP"]
[SourceTitle "Ajedrez en Madrid"]
[Source "lmi"]
[SourceDate "2019.09.08"]
[SourceVersion "1"]
[SourceVersionDate "2019.10.29"]
[SourceQuality "1"]

1. Nc3 d5 2. d4 e6 3. e4 dxe4 4. Nxe4 Nf6 5. Nxf6+ Qxf6 6. Nf3 h6 7. Bf4 Qxf4
8. Qe2 Bd6 9. g3 Qf6 10. Bg2 O-O 11. O-O Nc6 12. c3 Ne7 13. Rfe1 Rb8 14. Rad1
b6 15. Ne5 Rd8 16. Ng4 Qg5 17. h4 Qa5 18. b4 Bxb4 19. cxb4 Qxb4 20. d5 Nxd5 21.
Bxd5 exd5 22. Rb1 Qxg4 23. Qe5 Bf5 24. Rb3 c5 25. f3 Qd4+ 26. Qxd4 cxd4 27. Rb4
d3 28. Rd4 Rbc8 29. g4 Bh7 30. f4 Kf8 31. f5 Rc2 32. Rxd3 Rxa2 33. h5 Ra4 34.
Rg3 Re4 35. Kf2 Rde8 36. Rge3 Rxe3 37. Rxe3 Rxe3 38. Kxe3 Ke7 39. Kd4 Kf6 40.
Kxd5 a5 41. Kc4 a4 42. Kb4 b5 43. Ka3 Kg5 44. Kb4 Kxg4 45. f6 gxf6 46. Ka3 f5
0-1